| 000 | 00433nam a22001457a 4500 | ||
|---|---|---|---|
| 082 | _a346.5491059 BAS | ||
| 100 | _aBasit, Muhammad Abdul | ||
| 245 |
_aThe Trusts Act, 1882: _b(Act N. II of 1882) / _cMuhammad Abdul Basit |
||
| 250 | _a3rd Edition. | ||
| 260 |
_aRawalpindi : _bFederal Law House, _c2020. |
||
| 300 |
_a230 p. ; _c23 cm. |
||
| 942 |
_2ddc _cBK |
||
| 999 |
_c586953 _d586953 |
||